| 000 | 00627ntaaa2200181 4500 | ||
|---|---|---|---|
| 003 | 01 | ||
| 005 | 20251027203118.0 | ||
| 008 | 0714s1973 ag 01 | ||
| 040 |
_aAR-BaBN _bspa _cAR-BaBN _eaacr _dRIC |
||
| 082 | _a220.5610 P44s | ||
| 100 |
_aBiblia. Castellano. Petisco. 1968 _932632 |
||
| 245 | _aLa Sagrada Biblia. | ||
| 250 | _aNueva ed. | ||
| 260 |
_aBuenos Aires : _bJuan Carlos Granda, _c1968 |
||
| 300 |
_a3 Tomos; 1575 p ; _cil; mapas; 28,5 cm |
||
| 500 | _aCorrigida segun los textos hebreo y griego y comentada con notas pastorales para la vida por Juan Straubinger. | ||
| 650 |
_aBiblia. EspaƱol. Petisco. 1968 _932633 |
||
| 999 |
_c26549 _d26549 |
||